|
|
|
|
| LEADER |
00000cas a2200000 a 4500 |
| 003 |
Ucuenca |
| 005 |
20230322065225.0 |
| 006 |
aq||p|r||||||0| 0 |
| 008 |
000000|1941 ec |||||r|||||||||||spa|| |
| 040 |
|
|
|b spa
|a UCuenca-cdrjbv
|c UCuenca
|e rda
|
| 041 |
0 |
|
|a spa
|
| 082 |
0 |
|
|2 21
|a 370.5
|b L298n
|c 1685
|
| 245 |
0 |
0 |
|a Nueva Era. Revista Pedagógica y de Cultura Nacional /
|c Julio C. Larrea, director.
|
| 264 |
|
1 |
|a Quito:
|b Talleres gráficos de educación,
|c 1941.
|
| 300 |
|
|
|a 320 páginas:
|b gra
|c 20 cm
|
| 336 |
|
|
|2 rdacontent
|a texto
|b txt
|
| 337 |
|
|
|2 rdamedia
|a no mediado
|b n
|
| 338 |
|
|
|2 rdacarrier
|a volumen
|b nc
|
| 362 |
|
|
|a Volumen X (1941)
|
| 504 |
|
|
|a incl. ref.
|
| 650 |
1 |
7 |
|2 UCuenca-cdrjbv
|a Revista de Educación
|9 23207
|
| 650 |
1 |
7 |
|2 UCuenca-cdrjbv
|a Educación primaria
|9 201
|
| 650 |
1 |
0 |
|a Enseñanza
|9 188
|
| 700 |
1 |
|
|a Larrea, Julio C.
|e director
|9 10377
|
| 852 |
|
|
|a UC-CDJBV
|f Donación
|l 1
|m General
|p 00000000
|q 3.00
|r 2
|t 1685
|b 0
|d CDRC
|e CDRC
|g 370.5 L298n TERCER PISO (SECCION REVISTAS)
|z 0000-00-00
|
| 942 |
|
|
|c SER
|2 ddc
|r nube.salto@ucuenca.edu.ec
|
| 999 |
|
|
|c 141404
|d 141404
|